US TV Drama by Actress II Quiz Stats

 Plays Quiz Updated Jun 6, 2016

Challenge
Share
Tweet
Score 0/25 Timer 05:00
0 Plays Today
% Correct
Orange Is the New Black
98.4%
The X-Files
84.2%
Bones
74.1%
Empire
68.5%
Scandal
68%
Heroes
62.6%
The Sopranos
62%
Girls
61.1%
House of Cards
59.6%
Once Upon a Time
49.6%
Sons of Anarchy
48.9%
Jane the Virgin
48.5%
Jessica Jones
43.8%
% Correct
Quantico
36.8%
Fargo
36.2%
Castle
35.1%
True Detective
33.3%
The Vampire Diaries
30.1%
Fringe
25.4%
Blindspot
24.8%
The Americans
23.6%
Better Call Saul
21.4%
Justified
14.8%
Vinyl
14.5%
The 100
14.3%

You're not logged in!

Compare scores with friends on all Sporcle quizzes.
OR
Log In

You Might Also Like...

Show Comments

Extras

Top Quizzes Today


Score Distribution

Your Account Isn't Verified!

In order to create a playlist on Sporcle, you need to verify the email address you used during registration. Go to your Sporcle Settings to finish the process.

Report this User

Report this user for behavior that violates our Community Guidelines.

Details: